| 000 | 00794pam a2200205 a 4500 | ||
|---|---|---|---|
| 020 | _a0133419673 | ||
| 082 | 0 | 0 |
_a720.284 _bGOL _cL-39, P-88 |
| 100 | 1 |
_aGoldman, Glenn. _945688 |
|
| 245 | 1 | 0 |
_aArchitectural graphics : _btraditional and digital communication / _cGlenn Goldman. |
| 260 |
_aUpper Saddle River, NJ : _bPrentice Hall, _cc1997. |
||
| 300 |
_axiv, 297 p. : _bill. (some col.) ; _c21 x 29 cm. |
||
| 526 |
_a0 _b0 _c0 _d720_284000000000000_GOL |
||
| 650 | 0 |
_aArchitectural drawing _xData processing. _945689 |
|
| 650 | 0 |
_aArchitectural drawing _xTechnique. _931736 |
|
| 650 | 0 |
_aArchitectural rendering _xData processing. _945690 |
|
| 650 | 0 |
_aArchitectural rendering _xTechnique. _945691 |
|
| 650 | 0 |
_aCommunication in architectural design. _932556 |
|
| 650 | 0 |
_aMCE _9379 |
|
| 942 |
_2ddc _cBK |
||
| 999 |
_c549164 _d549164 |
||